[Event "SVK-chT2C 2223"]
[Site "Slovakia"]
[Date "2023.03.26"]
[Round "11.7"]
[White "Longauer, Igor"]
[Black "Sibrava, Patrik"]
[Result "1/2-1/2"]
[WhiteElo "1690"]
[BlackElo "1848"]
[PlyCount "43"]
[EventDate "2022.10.08"]
[EventType "team-tourn"]
[EventRounds "11"]
[EventCountry "SVK"]
[SourceTitle "EXT 2024"]
[Source "ChessBase"]
[SourceDate "2023.10.10"]
[SourceVersion "1"]
[SourceVersionDate "2023.10.10"]
[SourceQuality "1"]
[WhiteTeam "Detva"]
[BlackTeam "Dunajov Martin III"]
[WhiteTeamCountry "SVK"]
[BlackTeamCountry "SVK"]

1. e4 c5 2. Nf3 Nc6 3. d4 cxd4 4. Nxd4 d6 5. Be3 Nf6 6. f3 a6 7. c4 g6 8. Nc3 Bg7 9. Be2 0-0 10. 0-0 e5 11. Nb3 Be6 12. Qd2 Ne8 13. Rfd1 f5 14. exf5 gxf5 15. Nd5 f4 16. Bb6 Qh4 17. Qe1 Qxe1+ 18. Rxe1 Bxd5 19. cxd5 Ne7 20. Red1 Rc8 21. Rac1 Rxc1 22. Nxc1 1/2-1/2

[Event "Zilina op"]
[Site "Zilina"]
[Date "2013.09.01"]
[Round "7"]
[White "Pechac, Jergus"]
[Black "Sibrava, Patrik"]
[Result "0-1"]
[WhiteElo "2182"]
[BlackElo "1000"]
[PlyCount "68"]
[EventDate "2013.08.29"]
[EventType "swiss"]
[EventRounds "7"]
[EventCountry "SVK"]
[SourceTitle "CBM 156 Extra"]
[Source "ChessBase"]
[SourceDate "2013.10.22"]
[SourceVersion "1"]
[SourceVersionDate "2013.10.22"]
[SourceQuality "1"]

1. e4 e5 2. Nf3 Nf6 3. Nxe5 d6 4. Nf3 Nxe4 5. d4 d5 6. Bd3 Nf6 7. 0-0 h6 8. c4 c6 9. b3 Be7 10. Re1 0-0 11. Ne5 Be6 12. Nc3 Re8 13. c5 Nbd7 14. f4 Nxe5 15. fxe5 Nd7 16. Qh5 Bg5 17. Ne2 Bxc1 18. Raxc1 Qg5 19. Qxg5 hxg5 20. Ng3 g6 21. b4 a6 22. a4 Kg7 23. a5 Rh8 24. Rf1 Rh4 25. Ne2 Rah8 26. h3 g4 27. hxg4 Bxg4 28. Nf4 Nf8 29. Kf2 Ne6 30. Nxe6+ fxe6 31. Ke3 Bf5 32. Rf2 Rg4 33. Bxf5 gxf5 34. Rg1 Rh3+ 0-1

[Event "Zilina op"]
[Site "Zilina"]
[Date "2013.08.30"]
[Round "3"]
[White "Lonc, Augustin"]
[Black "Sibrava, Patrik"]
[Result "0-1"]
[WhiteElo "1887"]
[BlackElo "1000"]
[PlyCount "96"]
[EventDate "2013.08.29"]
[EventType "swiss"]
[EventRounds "7"]
[EventCountry "SVK"]
[SourceTitle "CBM 156 Extra"]
[Source "ChessBase"]
[SourceDate "2013.10.22"]
[SourceVersion "1"]
[SourceVersionDate "2013.10.22"]
[SourceQuality "1"]

1. c4 e5 2. g3 Nc6 3. Bg2 d6 4. Nc3 g6 5. d3 Bg7 6. Nf3 f5 7. Bg5 Bf6 8. Bc1 Nge7 9. 0-0 0-0 10. a3 Rb8 11. Rb1 a6 12. Bh6 Bg7 13. Bxg7 Kxg7 14. b4 Be6 15. Ng5 Qd7 16. b5 axb5 17. Nxb5 Nd8 18. Qc1 c6 19. Nc3 h6 20. Nf3 g5 21. c5 Ng6 22. Na4 d5 23. Rb2 g4 24. Nd2 h5 25. e4 f4 26. exd5 cxd5 27. c6 Nxc6 28. Nc5 Qc8 29. Re1 f3 30. Bf1 h4 31. Qb1 Rf7 32. Rc1 hxg3 33. Nxe6+ Qxe6 34. fxg3 Kf6 35. Rb6 Rc7 36. a4 Qd6 37. Qb2 Ke6 38. Nb3 Nf8 39. Nc5+ Kf7 40. Nxb7 Qe7 41. Nc5 Rxb6 42. Qxb6 Nd4 43. Nb3 Rb7 44. Qc5 Rxb3 45. Qxd5+ Kf6 46. Qg8 Ng6 47. Rc8 Rb2 48. Re8 f2+ 0-1